Top Goalscorers in the Champions League for Benfica - Statistics

General Stats
  • This quiz has been taken 150 times
    73 since last reset
  • The average score is 8 of 22
Answer Stats
# Goals Games Goals/Game Years Answer % Correct
1 46 65 0.708 1961-1974 Eusébio
97%
6 11 28 0.393 2007-2014 Óscar Cardozo
67%
9 9 38 0.237 2016-2024 Rafa Silva
66%
4 18 21 0.857 1957-1963 José Águas
59%
18 5 11 0.455 1987-'88, 1991-'92 Rui Águas
59%
14 6 10 0.6 2021-2022 Darwin Núñez
55%
13 7 24 0.292 1998-'99, 2005-'08 Nuno Gomes
50%
22 5 61 0.082 2005-2018 Luisão
48%
8 9 23 0.391 2021-2024 João Mário
47%
7 10 58 0.172 1957-1970 Mário Coluna
47%
5 15 38 0.395 1971-1985 Nené
45%
21 5 37 0.135 2010-2016 Nicolás Gaitán
45%
3 19 33 0.578 1962-1970 José Torres
27%
10 8 56 0.143 1961-1974 António Simões
23%
2 24 56 0.429 1960-1970 José Augusto
22%
16 6 15 0.4 1991-1995 Isaías
14%
19 5 17 0.294 1987-1992 Mats Magnusson
14%
20 5 19 0.263 1983-1990 Diamantino Miranda
13%
17 6 19 0.316 1971-1976 Rui Jordão
11%
15 6 11 0.545 1989-1995 César Brito
3%
12 7 19 0.368 1960-1966 Santana
3%
11 7 9 0.778 1991-1992 Sergey Yuran
3%
No matching quizzes found
Score Distribution
Percent of People with Each Score
Percentile by Number Answered
Your Score History
You have not taken this quiz since the last reset